[Event "XXXV C.to Italiano a squadre A1 Sud 1"]
[Site "Castelfidardo ITA"]
[Date "2003.03.14"]
[Round "1"]
[White "Arlandi, Ennio"]
[Black "Rago, Riccardo"]
[Result "1-0"]
[WhiteElo "2456"]
[BlackElo "2163"]
[PlyCount "49"]
[EventDate "2003.03.14"]

1. d4 Nf6 2. c4 e6 3. Nc3 d5 4. cxd5 exd5 5. Bg5 c6 6. e3 h6 7. Bh4 Be7 8. Qc2
O-O 9. Bd3 Re8 10. Nge2 Nbd7 11. f3 c5 12. O-O a6 13. Rad1 cxd4 14. Nxd4 Ne5
15. Qb3 g5 16. Bf2 Bc5 17. Bb1 Be6 18. e4 Bxd4 19. Bxd4 dxe4 20. Bxe5 Qa5 21.
Qxb7 Qxe5 22. Nxe4 Nd5 23. Rxd5 Bxd5 24. Qxd5 Qxb2 25. Nd6 1-0

[Event "XXXV C.to Italiano a squadre A1 Sud 1"]
[Site "Castelfidardo ITA"]
[Date "2003.03.14"]
[Round "1"]
[White "Braga, Fernando Alberto"]
[Black "Diotallevi, Maurizio"]
[Result "1/2-1/2"]
[WhiteElo "2455"]
[BlackElo "2094"]
[PlyCount "102"]
[EventDate "2003.03.14"]

1. c4 e6 2. g3 d5 3. Bg2 c6 4. Qc2 Bd6 5. Nf3 Nd7 6. O-O Ngf6 7. b3 O-O 8. Bb2
Re8 9. d3 e5 10. Nbd2 Qe7 11. Rad1 d4 12. e3 c5 13. Rde1 Qd8 14. exd4 cxd4 15.
Re2 Qc7 16. Rfe1 Rd8 17. h3 Rb8 18. a3 a5 19. Bc1 b6 20. g4 Bb7 21. Nf1 Rdc8
22. Ng3 Bxf3 23. Bxf3 b5 24. g5 Ne8 25. Bg4 bxc4 26. bxc4 Rd8 27. Nf5 Bf8 28.
Nh4 f6 29. Nf3 Nc5 30. Nd2 Nd6 31. Bf3 Kh8 32. Bg2 Nf7 33. gxf6 gxf6 34. Ne4
Nxe4 35. Bxe4 Bd6 36. Kh1 Rg8 37. f3 Qd7 38. Rh2 Rg3 39. Rg1 Rxg1+ 40. Kxg1
Rg8+ 41. Kh1 Rg3 42. c5 Bc7 43. Qb3 Rxh3 44. Qc4 Rxh2+ 45. Kxh2 Ng5 46. Bxg5
fxg5 47. c6 Qe7 48. Qa6 Qd8 49. Qc4 Qe7 50. Qa6 Qd8 51. Qc4 Qe7 1/2-1/2

[Event "XXXV C.to Italiano a squadre A1 Sud 1"]
[Site "Castelfidardo ITA"]
[Date "2003.03.14"]
[Round "1"]
[White "Djuric, Stefan"]
[Black "Mastrovasilis, Athanasios"]
[Result "0-1"]
[WhiteElo "2490"]
[BlackElo "2476"]
[PlyCount "96"]
[EventDate "2003.03.14"]

1. c4 Nf6 2. Nc3 e6 3. Nf3 d5 4. d4 Nbd7 5. cxd5 exd5 6. Bf4 c6 7. e3 Nh5 8.
Be5 Nxe5 9. dxe5 g6 10. Qa4 Be7 11. Rd1 O-O 12. Bd3 f5 13. O-O Ng7 14. b4 Ne6
15. Nd4 Qb6 16. b5 Nc5 17. Qc2 Bd7 18. Rb1 Qd8 19. Rfd1 Rc8 20. bxc6 bxc6 21.
Bf1 Qe8 22. f4 Bd8 23. h3 Bb6 24. Kh2 Qe7 25. Be2 Kh8 26. Qb2 Ne6 27. Nxe6 Bxe6
28. Rd3 Rb8 29. Qc1 Rfd8 30. Bf3 Bc8 31. Na4 Ba6 32. Ra3 Bc4 33. Nxb6 axb6 34.
Qb2 Kg8 35. g4 fxg4 36. Bxg4 b5 37. Rc3 Ra8 38. a3 d4 39. Rxc4 bxc4 40. exd4
Rab8 41. Qxb8 Rxb8 42. Rxb8+ Kg7 43. Rc8 Qb7 44. Rd8 c3 45. e6 Qb2+ 46. Kg3 c2
47. Rd7+ Kh6 48. e7 c1=Q 0-1

[Event "XXXV C.to Italiano a squadre A1 Sud 1"]
[Site "Castelfidardo ITA"]
[Date "2003.03.14"]
[Round "1"]
[White "Foglia, Maurizio"]
[Black "Bruno, Fabio"]
[Result "0-1"]
[WhiteElo "2124"]
[BlackElo "2309"]
[PlyCount "80"]
[EventDate "2003.03.14"]

1. e4 c5 2. c3 Nf6 3. e5 Nd5 4. d4 cxd4 5. cxd4 e6 6. Nf3 d6 7. Bc4 Nc7 8. Qe2
b5 9. Bd3 Nd7 10. Bg5 Be7 11. exd6 Bxg5 12. dxc7 Qxc7 13. Nc3 Be7 14. O-O a6
15. Rac1 Qf4 16. Ne4 Bb7 17. g3 Qb8 18. Nc5 Bxc5 19. dxc5 Bd5 20. b4 Nf6 21.
Ne5 O-O 22. g4 g6 23. f4 a5 24. a3 axb4 25. axb4 Ra4 26. Qe1 Qc7 27. Bxb5 Ra2
28. Rf2 Rxf2 29. Qxf2 Ne4 30. Qd4 f6 31. Nd3 Nd2 32. Qf2 Nf3+ 33. Kf1 Be4 34.
Bc4 Rd8 35. Ne1 Qxf4 36. Bxe6+ Kg7 37. Nxf3 Qxc1+ 38. Ne1 Rd2 39. Qg3 Bd3+ 40.
Kg1 Re2 0-1

[Event "XXXV C.to Italiano a squadre A1 Sud 1"]
[Site "Castelfidardo ITA"]
[Date "2003.03.14"]
[Round "1"]
[White "Mastrovasilis, Dimitrios"]
[Black "Bellini, Fabio"]
[Result "1-0"]
[WhiteElo "2463"]
[BlackElo "2499"]
[PlyCount "65"]
[EventDate "2003.03.14"]

1. e4 d5 2. exd5 Qxd5 3. Nc3 Qa5 4. d4 Nf6 5. Nf3 c6 6. Bc4 Bf5 7. Bd2 e6 8.
Qe2 Bb4 9. O-O-O Nbd7 10. a3 Bxc3 11. Bxc3 Qc7 12. Ne5 Nxe5 13. dxe5 Nd5 14.
Bd2 O-O-O 15. g4 Bg6 16. f4 h5 17. h3 hxg4 18. hxg4 Nb6 19. Ba2 Qe7 20. Rxh8
Rxh8 21. Rf1 Rh3 22. f5 Bh7 23. Kb1 Nd7 24. Qg2 Rh4 25. Bb4 c5 26. Be1 Rh6 27.
g5 Rh5 28. g6 fxg6 29. fxe6 Nxe5 30. Bg3 Bg8 31. Qd5 c4 32. Bxc4 Nxc4 33. Rf8+
1-0

[Event "XXXV C.to Italiano a squadre A1 Sud 1"]
[Site "Castelfidardo ITA"]
[Date "2003.03.14"]
[Round "1"]
[White "Mogranzini, Roberto"]
[Black "Aldrovandi, Costantino"]
[Result "1/2-1/2"]
[WhiteElo "2168"]
[BlackElo "2409"]
[PlyCount "64"]
[EventDate "2003.03.14"]

1. e4 c5 2. Nf3 d6 3. d4 cxd4 4. Nxd4 Nf6 5. Nc3 g6 6. Be3 Bg7 7. f3 Nc6 8. Qd2
O-O 9. O-O-O Be6 10. Kb1 Nxd4 11. Bxd4 Qc7 12. h4 Rfc8 13. g4 Qa5 14. Qg5 Qxg5
15. hxg5 Nd7 16. Bxg7 Kxg7 17. Rh4 Rh8 18. f4 Nb6 19. a4 a5 20. b3 Rac8 21. Kb2
h6 22. gxh6+ Rxh6 23. Rxh6 Kxh6 24. Be2 g5 25. f5 Bd7 26. f6 exf6 27. Rxd6 Rc6
28. Rd1 Re6 29. Bb5 Bc8 30. Rd8 Re5 31. Rd6 Re6 32. Rd8 Re5 1/2-1/2

[Event "XXXV C.to Italiano a squadre A1 Sud 1"]
[Site "Castelfidardo ITA"]
[Date "2003.03.14"]
[Round "1"]
[White "Sebastianelli, Dario"]
[Black "Zlochevskij, Alexander"]
[Result "1/2-1/2"]
[WhiteElo "2239"]
[BlackElo "2464"]
[PlyCount "46"]
[EventDate "2003.03.14"]

1. e4 c6 2. d4 d5 3. Nc3 dxe4 4. Nxe4 Bf5 5. Ng3 Bg6 6. h4 h6 7. Nf3 Nd7 8. h5
Bh7 9. Bd3 Bxd3 10. Qxd3 e6 11. Bd2 Ngf6 12. Qe2 Be7 13. O-O-O O-O 14. Rhe1 Re8
15. Ne5 Bf8 16. Ne4 Nxe4 17. Qxe4 Nxe5 18. dxe5 Qd5 19. c4 Qxe4 20. Rxe4 Red8
21. Be3 c5 22. f3 Be7 23. Bf2 b6 1/2-1/2

[Event "XXXV C.to Italiano a squadre A1 Sud 1"]
[Site "Castelfidardo ITA"]
[Date "2003.03.14"]
[Round "1"]
[White "Shchekachev, Andrei"]
[Black "Bontempi, Piero"]
[Result "1-0"]
[WhiteElo "2572"]
[BlackElo "2316"]
[PlyCount "59"]
[EventDate "2003.03.14"]

1. Nf3 d5 2. d4 Bf5 3. c4 e6 4. Nc3 Nf6 5. cxd5 exd5 6. Qb3 Nc6 7. Bg5 Na5 8.
Qa4+ c6 9. Bxf6 gxf6 10. g3 b5 11. Qd1 Nc4 12. Qc1 h5 13. Nh4 Bh7 14. Bh3 Qb6
15. Qf4 Nxb2 16. Qxf6 Rg8 17. Bd7+ Kxd7 18. Qxf7+ Kc8 19. Qxh7 Qxd4 20. Qxg8
Nd3+ 21. exd3 Qxc3+ 22. Ke2 Kb7 23. Qf7+ Kb6 24. Rhc1 Qb2+ 25. Kf1 Bc5 26. Ng6
Rg8 27. Kg2 Be3 28. Rf1 Rg7 29. Qe6 Bc5 30. Ne5 1-0

[Event "XXXV C.to Italiano a squadre A1 Sud 1"]
[Site "Castelfidardo ITA"]
[Date "2003.03.15"]
[Round "2"]
[White "Aldrovandi, Costantino"]
[Black "Braga, Fernando Alberto"]
[Result "1/2-1/2"]
[WhiteElo "2409"]
[BlackElo "2455"]
[PlyCount "91"]
[EventDate "2003.03.14"]

1. c4 e6 2. g3 d5 3. Bg2 Nf6 4. Nf3 Be7 5. O-O O-O 6. d4 dxc4 7. Ne5 Nc6 8.
Nxc6 bxc6 9. Qa4 Qxd4 10. Qxc6 Bd7 11. Qxc7 Rab8 12. Nc3 Rfc8 13. Be3 Rxc7 14.
Bxd4 Ne8 15. Rfc1 Bf6 16. Bxf6 Nxf6 17. Nd1 Kf8 18. Rc2 Nd5 19. Rd2 Nb6 20. Rc1
Ke7 21. f4 Rc5 22. Kf2 Ra5 23. a3 Rb5 24. Nc3 Rc5 25. Bf3 Bc6 26. Bxc6 Rxc6 27.
Rcd1 Rc7 28. Nb5 Rd7 29. Rxd7+ Nxd7 30. Nxa7 Rxb2 31. Nc6+ Ke8 32. Rc1 Nb6 33.
Ne5 Rb3 34. Nxc4 Nxc4 35. Rxc4 Rxa3 36. Rc7 h5 37. Kg2 g6 38. e4 Ra2+ 39. Kh3
Kf8 40. e5 Kg7 41. Rc8 Rf2 42. Ra8 Kh6 43. Rh8+ Kg7 44. Ra8 Kh6 45. Rh8+ Kg7
46. Ra8 1/2-1/2

[Event "XXXV C.to Italiano a squadre A1 Sud 1"]
[Site "Castelfidardo ITA"]
[Date "2003.03.15"]
[Round "2"]
[White "Bellini, Fabio"]
[Black "Shchekachev, Andrei"]
[Result "0-1"]
[WhiteElo "2499"]
[BlackElo "2572"]
[PlyCount "50"]
[EventDate "2003.03.14"]

1. e4 c5 2. Nf3 e6 3. c3 d5 4. exd5 Qxd5 5. d4 Nf6 6. Na3 a6 7. Nc4 Nbd7 8. Ne3
Qc6 9. Bc4 cxd4 10. Nxd4 Qc7 11. Qe2 Ne5 12. Bb3 Bd7 13. O-O O-O-O 14. f4 Nc6
15. Nxc6 Bxc6 16. Nc4 Bc5+ 17. Kh1 h5 18. Be3 Bxe3 19. Qxe3 Bb5 20. Nb6+ Kb8
21. c4 Bc6 22. Bd1 h4 23. h3 Ne4 24. Re1 Rd3 25. Qg1 Rxh3+ 0-1

[Event "XXXV C.to Italiano a squadre A1 Sud 1"]
[Site "Castelfidardo ITA"]
[Date "2003.03.15"]
[Round "2"]
[White "Bontempi, Piero"]
[Black "Mastrovasilis, Dimitrios"]
[Result "1/2-1/2"]
[WhiteElo "2316"]
[BlackElo "2463"]
[PlyCount "132"]
[EventDate "2003.03.14"]

1. e4 e5 2. Nf3 Nc6 3. d4 exd4 4. Nxd4 Nf6 5. Nc3 Bc5 6. Be3 Bb6 7. Be2 O-O 8.
O-O Re8 9. Bf3 Ne5 10. Be2 d6 11. Kh1 d5 12. Nxd5 Nxd5 13. exd5 Qxd5 14. Nb5
Qc6 15. Bxb6 axb6 16. Qd4 Bh3 17. f3 Qxc2 18. Rf2 Bf5 19. Bf1 Qc6 20. Qf4 Nd3
21. Bxd3 Bxd3 22. Nxc7 Ra4 23. Qg3 Rd8 24. Rd2 Rad4 25. Qe5 R4d6 26. h3 f6 27.
Qg3 Bg6 28. Rxd6 Qxd6 29. Qxd6 Rxd6 30. Re1 Rd2 31. b3 Kf7 32. Nb5 h5 33. Rc1
Rc2 34. Re1 Bd3 35. Nd6+ Kg6 36. Kg1 Rxa2 37. Re7 Rb2 38. Rxb7 Rxb3 39. Ne8 b5
40. Rxg7+ Kf5 41. Rb7 Rb1+ 42. Kf2 b4 43. Ke3 Rb3 44. Kd4 h4 45. Rb6 Kf4 46.
Nxf6 Bf1 47. Nd5+ Kg3 48. Ne3 Kf2 49. Nxf1 Kxf1 50. Rg6 Rb2 51. Rg4 Rxg2 52.
Rxh4 b3 53. Rh8 Rf2 54. Ke3 Re2+ 55. Kf4 b2 56. Rb8 Ke1 57. Kg5 Rg2+ 58. Kh5
Kd1 59. f4 Kc1 60. f5 b1=Q 61. Rxb1+ Kxb1 62. f6 Rf2 63. Kg6 Rg2+ 64. Kf5 Rf2+
65. Kg6 Rg2+ 66. Kf5 Rf2+ 1/2-1/2

[Event "XXXV C.to Italiano a squadre A1 Sud 1"]
[Site "Castelfidardo ITA"]
[Date "2003.03.15"]
[Round "2"]
[White "Bruno, Fabio"]
[Black "Passerotti, Pierluigi"]
[Result "1/2-1/2"]
[WhiteElo "2309"]
[BlackElo "2267"]
[PlyCount "94"]
[EventDate "2003.03.14"]

1. d4 f5 2. Nc3 d5 3. Nf3 Nf6 4. Bg5 c6 5. e3 Nbd7 6. Ne2 Qb6 7. Rb1 Ne4 8. Bf4
g6 9. c3 Bg7 10. h4 e6 11. h5 Qd8 12. hxg6 hxg6 13. Rxh8+ Bxh8 14. Ng3 Qe7 15.
a3 e5 16. dxe5 Nxe5 17. Bxe5 Bxe5 18. Nxe4 fxe4 19. Nxe5 Qxe5 20. Qd4 Qxd4 21.
exd4 Be6 22. Kd2 Ke7 23. Be2 Rh8 24. Ke3 Rh2 25. g3 Kd6 26. b3 b6 27. c4 g5 28.
Rc1 Rh8 29. c5+ Kc7 30. b4 b5 31. a4 a6 32. Ra1 Kb7 33. a5 Kc7 34. Rf1 Rh3 35.
Rg1 Kd7 36. Bf1 Rh2 37. Be2 Ke7 38. Rf1 Bh3 39. Rg1 Bf5 40. Rf1 Rh3 41. Rg1 Kf6
42. Bf1 Rh2 43. Be2 Bh3 44. Bh5 Bd7 45. Be2 Kg6 46. Rf1 Bh3 47. Rg1 Bd7 1/2-1/2

[Event "XXXV C.to Italiano a squadre A1 Sud 1"]
[Site "Castelfidardo ITA"]
[Date "2003.03.15"]
[Round "2"]
[White "Diotallevi, Maurizio"]
[Black "Mogranzini, Roberto"]
[Result "0-1"]
[WhiteElo "2094"]
[BlackElo "2168"]
[PlyCount "156"]
[EventDate "2003.03.14"]

1. d4 Nf6 2. c4 g6 3. Nc3 d5 4. Nf3 Bg7 5. Bg5 Ne4 6. cxd5 Nxg5 7. Nxg5 e6 8.
Nf3 exd5 9. e3 O-O 10. b4 c6 11. Be2 Be6 12. O-O Nd7 13. Qd2 Re8 14. Rfc1 Rc8
15. Na4 b6 16. Rab1 Bf5 17. Bd3 Bg4 18. Qd1 Bf8 19. h3 Be6 20. Qd2 Qf6 21. Be2
Bf5 22. Rb3 Bd6 23. a3 b5 24. Nc5 Nb6 25. Ra1 Nc4 26. Qc1 Rb8 27. a4 bxa4 28.
Rxa4 a5 29. Bxc4 dxc4 30. Qxc4 axb4 31. Ne1 Qg5 32. Kf1 Qf6 33. Raxb4 Rxb4 34.
Qxb4 Be6 35. Rc3 Bd5 36. Qb2 Qg5 37. Qd2 Rb8 38. Rc1 h5 39. Qc2 Rb5 40. Qd2 Kg7
41. Qc2 Ra5 42. Qb1 Rb5 43. Qc2 Rb4 44. Ne4 Qe7 45. Nxd6 Qxd6 46. Qc5 Qb8 47.
Nd3 Rb5 48. Qc2 Be4 49. Qd2 Qh2 50. Nf4 Bxg2+ 51. Nxg2 Qh1+ 52. Ke2 Qxg2 53.
Qa2 Rf5 54. Rf1 Qf3+ 55. Kd3 Qxh3 56. Rc1 Qg2 57. Rc2 Qf1+ 58. Kc3 Qe1+ 59. Kd3
Qf1+ 60. Kc3 c5 61. dxc5 Rxc5+ 62. Kd4 Rf5 63. f4 Qb5 64. Qc4 Qxc4+ 65. Rxc4 h4
66. Rc2 Kh6 67. Ke4 Kh5 68. Kf3 g5 69. Rc8 g4+ 70. Kg2 Rf6 71. Rc5+ Kh6 72. Rc8
Kg7 73. Rc5 Rg6 74. Rh5 h3+ 75. Kg1 f6 76. e4 Rh6 77. Ra5 g3 78. f5 h2+ 0-1

[Event "XXXV C.to Italiano a squadre A1 Sud 1"]
[Site "Castelfidardo ITA"]
[Date "2003.03.15"]
[Round "2"]
[White "Mastrovasilis, Athanasios"]
[Black "Sebastianelli, Diego"]
[Result "1-0"]
[WhiteElo "2476"]
[BlackElo "2340"]
[PlyCount "75"]
[EventDate "2003.03.14"]

1. c4 Nf6 2. Nf3 e6 3. g3 c5 4. Bg2 Be7 5. O-O O-O 6. b3 d6 7. Bb2 a6 8. d4
cxd4 9. Nxd4 Qc7 10. Nc3 Nbd7 11. Rc1 Rb8 12. Qd2 Rd8 13. Rfd1 Ne5 14. f4 Ng6
15. Kh1 Bd7 16. e4 Rbc8 17. Qe2 Qb8 18. a4 Qa7 19. Ba3 Bf8 20. Nc2 Bc6 21. Qe3
Qb8 22. a5 h5 23. Rf1 d5 24. Bxf8 Nxf8 25. cxd5 exd5 26. Nd4 Ng4 27. Qe2 dxe4
28. Nxc6 Rxc6 29. Nxe4 Rxc1 30. Rxc1 Ne6 31. h3 Nxf4 32. Qf3 Nd3 33. Rf1 Nge5
34. Qxh5 f6 35. Nxf6+ gxf6 36. Rxf6 Qc7 37. Rf5 Nf7 38. Rxf7 1-0

[Event "XXXV C.to Italiano a squadre A1 Sud 1"]
[Site "Castelfidardo ITA"]
[Date "2003.03.15"]
[Round "2"]
[White "Rago, Riccardo"]
[Black "Sebastianelli, Dario"]
[Result "0-1"]
[WhiteElo "2163"]
[BlackElo "2239"]
[PlyCount "70"]
[EventDate "2003.03.14"]

1. e4 d5 2. exd5 Qxd5 3. Nc3 Qa5 4. d4 Nf6 5. Nf3 c6 6. Bd2 Bf5 7. Bc4 e6 8.
Qe2 Bb4 9. O-O-O Nbd7 10. Ne5 Nxe5 11. dxe5 Nd5 12. Nxd5 exd5 13. Bb3 Bxd2+ 14.
Rxd2 O-O 15. g4 Be6 16. f4 c5 17. f5 c4 18. fxe6 fxe6 19. Bxc4 dxc4 20. Qxc4
Rae8 21. Re1 b5 22. Qb3 Rf4 23. c3 b4 24. Rd6 bxc3 25. bxc3 Rf7 26. Re2 Qc7 27.
Kc2 Rfe7 28. Red2 Qc5 29. R2d4 Qxe5 30. Rd2 Qe4+ 31. R6d3 Rb7 32. Qa3 Reb8 33.
h3 a5 34. Rd1 h6 35. R1d2 Rb1 0-1

[Event "XXXV C.to Italiano a squadre A1 Sud 1"]
[Site "Castelfidardo ITA"]
[Date "2003.03.15"]
[Round "2"]
[White "Zlochevskij, Alexander"]
[Black "Arlandi, Ennio"]
[Result "1/2-1/2"]
[WhiteElo "2464"]
[BlackElo "2456"]
[PlyCount "81"]
[EventDate "2003.03.14"]

1. d4 d5 2. c4 c6 3. Nf3 Nf6 4. Qc2 g6 5. Bf4 Bf5 6. Qb3 Qb6 7. c5 Qxb3 8. axb3
Nbd7 9. h3 Bg7 10. Nbd2 Ne4 11. g4 Nxd2 12. Nxd2 Be6 13. e3 O-O 14. b4 f5 15.
g5 Bf7 16. Nf3 a6 17. Kd2 Rad8 18. Kc3 Rde8 19. Ne5 Bxe5 20. dxe5 Rd8 21. Bg3
Rfe8 22. f4 Nf8 23. Be2 Ne6 24. Rhd1 Rd7 25. Rd2 Red8 26. Rad1 a5 27. bxa5 Nxc5
28. Bf3 Ne6 29. b4 Kf8 30. h4 Ke8 31. Kb2 Nc7 32. Be2 Rb8 33. Be1 Ra8 34. Rc2
Kf8 35. Bc3 Ne6 36. Bd4 Be8 37. Bb6 Rc8 38. Bf1 Bf7 39. Be2 Kg7 40. Bf1 h6 41.
Rdd2 1/2-1/2

[Event "XXXV C.to Italiano a squadre A1 Sud 1"]
[Site "Castelfidardo ITA"]
[Date "2003.03.16"]
[Round "3"]
[White "Arlandi, Ennio"]
[Black "Bontempi, Piero"]
[Result "1-0"]
[WhiteElo "2456"]
[BlackElo "2316"]
[PlyCount "87"]
[EventDate "2003.03.14"]

1. d4 d5 2. c4 Bf5 3. cxd5 Bxb1 4. Qa4+ c6 5. Rxb1 Qxd5 6. Nf3 Nd7 7. a3 Qf5 8.
Ra1 e5 9. Nxe5 Nxe5 10. dxe5 Qxe5 11. g3 Nf6 12. Bg2 Bc5 13. O-O O-O 14. Qc2
Rfe8 15. Bf4 Qe7 16. e4 Bb6 17. Rae1 Rad8 18. h3 Nh5 19. Be3 Bxe3 20. Rxe3 Qd6
21. Rfe1 g6 22. e5 Qd7 23. Qa4 a6 24. Qb4 Ng7 25. Rb3 Re7 26. Bf1 Qc7 27. Rd3
Rxd3 28. Bxd3 c5 29. Qe4 b5 30. Qa8+ Re8 31. Qxa6 c4 32. Bf1 Rxe5 33. Rxe5 Qxe5
34. a4 bxa4 35. Bxc4 Nf5 36. Qxa4 Qxb2 37. Qe8+ Kg7 38. Qxf7+ Kh6 39. g4 Qa1+
40. Bf1 Qg7 41. Qb3 Ne7 42. g5+ Kxg5 43. Qe3+ Kf6 44. Qd4+ 1-0

[Event "XXXV C.to Italiano a squadre A1 Sud 1"]
[Site "Castelfidardo ITA"]
[Date "2003.03.16"]
[Round "3"]
[White "Braga, Fernando Alberto"]
[Black "Rago, Riccardo"]
[Result "1-0"]
[WhiteElo "2455"]
[BlackElo "2163"]
[PlyCount "65"]
[EventDate "2003.03.14"]

1. d4 Nf6 2. c4 g6 3. Nc3 Bg7 4. Nf3 O-O 5. g3 d6 6. Bg2 c6 7. O-O Nbd7 8. Qc2
e5 9. Rd1 Qe7 10. b3 exd4 11. Nxd4 Nc5 12. Bf4 Ne8 13. Qd2 Ne6 14. Nxe6 fxe6
15. Rac1 e5 16. Bg5 Qf7 17. Ne4 Be6 18. Be3 Rd8 19. Bxa7 h6 20. Bb6 Rd7 21. a4
Bf5 22. a5 Bxe4 23. Bxe4 Nf6 24. Bg2 d5 25. Bh3 d4 26. Qc2 g5 27. Bf5 Nh5 28.
Bxd7 Qxf2+ 29. Kh1 Nxg3+ 30. hxg3 Qxg3 31. Qc3 Qh4+ 32. Qh3 Qe4+ 33. Qg2 1-0

[Event "XXXV C.to Italiano a squadre A1 Sud 1"]
[Site "Castelfidardo ITA"]
[Date "2003.03.16"]
[Round "3"]
[White "Mastrovasilis, Athanasios"]
[Black "Zlochevskij, Alexander"]
[Result "1/2-1/2"]
[WhiteElo "2476"]
[BlackElo "2464"]
[PlyCount "92"]
[EventDate "2003.03.14"]

1. c4 c6 2. Nf3 d5 3. e3 Nf6 4. Nc3 e6 5. d4 Nbd7 6. Qc2 Bd6 7. e4 dxe4 8. Nxe4
Nxe4 9. Qxe4 Nf6 10. Qc2 c5 11. Be3 cxd4 12. Bxd4 Bb4+ 13. Bc3 Qa5 14. Bxb4
Qxb4+ 15. Qd2 Qxd2+ 16. Kxd2 Ke7 17. Bd3 Rd8 18. Rad1 b6 19. Ne5 Bb7 20. Ke3 h6
21. f3 Rac8 22. Be2 Rc5 23. f4 Rc7 24. Rxd8 Kxd8 25. Rd1+ Ke7 26. g3 Ne8 27. b3
Nd6 28. h4 Ne4 29. g4 Nc3 30. Rd2 b5 31. Bf3 Bxf3 32. Kxf3 bxc4 33. bxc4 Na4
34. Rc2 Nc5 35. Ke3 Nd7 36. Nd3 Nc5 37. Ne5 Nd7 38. Nd3 Nc5 39. Nxc5 Rxc5 40.
Kd4 Kd6 41. Rb2 h5 42. Rb7 hxg4 43. Rxf7 Rf5 44. Rxg7 Rxf4+ 45. Kd3 g3 46. h5
Rh4 1/2-1/2

[Event "XXXV C.to Italiano a squadre A1 Sud 1"]
[Site "Castelfidardo ITA"]
[Date "2003.03.16"]
[Round "3"]
[White "Mogranzini, Roberto"]
[Black "Bruno, Fabio"]
[Result "1/2-1/2"]
[WhiteElo "2168"]
[BlackElo "2309"]
[PlyCount "61"]
[EventDate "2003.03.14"]

1. e4 c5 2. Nf3 Nc6 3. Nc3 Nf6 4. d4 cxd4 5. Nxd4 Qb6 6. Nb3 e6 7. Bd3 a6 8.
O-O Qc7 9. a4 b6 10. f4 d6 11. Qf3 Bb7 12. Qh3 Nb4 13. Be3 h5 14. a5 b5 15. Bb6
Qc8 16. Kh1 h4 17. Nd4 Nd7 18. Ncxb5 axb5 19. Bxb5 Be7 20. f5 O-O 21. fxe6 Nxb6
22. exf7+ Rxf7 23. Qb3 Bf6 24. Nf5 Qxc2 25. Ne7+ Kf8 26. Ng6+ Kg8 27. Ne7+ Kh8
28. Qxf7 Qxe4 29. Qh5+ Qh7 30. Ng6+ Kg8 31. Ne7+ 1/2-1/2

[Event "XXXV C.to Italiano a squadre A1 Sud 1"]
[Site "Castelfidardo ITA"]
[Date "2003.03.16"]
[Round "3"]
[White "Passerotti, Pierluigi"]
[Black "Diotallevi, Maurizio"]
[Result "1-0"]
[WhiteElo "2267"]
[BlackElo "2094"]
[PlyCount "63"]
[EventDate "2003.03.14"]

1. d4 Nf6 2. c4 e6 3. Nf3 d5 4. Nc3 c6 5. Bg5 Nbd7 6. e3 Qa5 7. Nd2 dxc4 8.
Bxf6 Nxf6 9. Nxc4 Qg5 10. g3 Be7 11. Bg2 h5 12. Qa4 Nd7 13. Ne4 Qg6 14. Ned6+
Bxd6 15. Nxd6+ Kd8 16. Rc1 Nb6 17. Qa5 Kd7 18. Qc5 Nd5 19. Nc4 Ke8 20. Ne5 Qf6
21. Nxc6 Bd7 22. Ne5 Qd8 23. O-O b6 24. Qa3 f6 25. Ng6 Rg8 26. Qd6 Kf7 27. Bxd5
exd5 28. Nf4 Be6 29. Rc7+ Ke8 30. Qc6+ Kf8 31. Rc1 g6 32. Nxe6# 1-0

[Event "XXXV C.to Italiano a squadre A1 Sud 1"]
[Site "Castelfidardo ITA"]
[Date "2003.03.16"]
[Round "3"]
[White "Sebastianelli, Dario"]
[Black "Aldrovandi, Costantino"]
[Result "1-0"]
[WhiteElo "2239"]
[BlackElo "2409"]
[PlyCount "83"]
[EventDate "2003.03.14"]

1. e4 c5 2. Nf3 d6 3. d4 cxd4 4. Nxd4 Nf6 5. Nc3 g6 6. Be3 Bg7 7. f3 Nc6 8. Qd2
O-O 9. O-O-O Be6 10. Kb1 Nxd4 11. Bxd4 Qc7 12. h4 Rfc8 13. g4 Qa5 14. Qg5 b5
15. Qxb5 Qc7 16. Qa4 Rab8 17. Qxa7 Rb7 18. Qa4 Nxe4 19. fxe4 Bxd4 20. Nb5 Be5
21. Nxc7 Rxb2+ 22. Kc1 Rxc7 23. Rd5 Bxd5 24. exd5 Rcb7 25. Kd2 Rb8 26. a3 Rb1
27. Bg2 R1b5 28. Rf1 R5b7 29. Be4 Rc7 30. g5 Rbc8 31. Bd3 Rc5 32. Qe4 Ra8 33.
a4 Raa5 34. Bb5 Raxb5 35. axb5 Rxb5 36. h5 Rc5 37. Rb1 Rc8 38. Qg4 Re8 39. Qd7
Kf8 40. Rf1 Rb8 41. Qe6 f6 42. gxf6 1-0

[Event "XXXV C.to Italiano a squadre A1 Sud 1"]
[Site "Castelfidardo ITA"]
[Date "2003.03.16"]
[Round "3"]
[White "Sebastianelli, Diego"]
[Black "Bellini, Fabio"]
[Result "0-1"]
[WhiteElo "2340"]
[BlackElo "2499"]
[PlyCount "40"]
[EventDate "2003.03.14"]

1. e4 g6 2. d4 Bg7 3. Nc3 c6 4. Nf3 d5 5. Be2 Bg4 6. Be3 Nf6 7. e5 Nfd7 8. Qd2
Bxf3 9. Bxf3 e6 10. O-O-O c5 11. Nb5 O-O 12. c3 Qa5 13. Na3 b5 14. Kb1 Nc6 15.
Nc2 Rab8 16. Be2 b4 17. cxb4 Nxb4 18. Nxb4 Rxb4 19. f4 Rfb8 20. Ka1 Qa4 0-1

[Event "XXXV C.to Italiano a squadre A1 Sud 1"]
[Site "Castelfidardo ITA"]
[Date "2003.03.16"]
[Round "3"]
[White "Shchekachev, Andrei"]
[Black "Tomescu, Vlad"]
[Result "1/2-1/2"]
[WhiteElo "2572"]
[BlackElo "2432"]
[PlyCount "56"]
[EventDate "2003.03.14"]

1. Nf3 Nf6 2. c4 g6 3. Nc3 d5 4. cxd5 Nxd5 5. Qb3 Nb6 6. d4 Be6 7. Qb5+ Qd7 8.
e4 Bg7 9. Qxd7+ Bxd7 10. Bf4 c6 11. h3 Be6 12. O-O-O Bc4 13. h4 Bxf1 14. Rhxf1
h6 15. d5 O-O 16. Rfe1 Rd8 17. Be5 Bxe5 18. Nxe5 cxd5 19. exd5 N8d7 20. h5 gxh5
21. Nf3 Kf8 22. Ne4 Rac8+ 23. Kb1 Rc4 24. b3 Rcc8 25. Kb2 Nc5 26. Nc3 Ncd7 27.
Ne4 Nc5 28. Nc3 Ncd7 1/2-1/2